[Event "FRA-ch U18/14 Online"]
[Site "Europe Echecs INT"]
[Date "2020.07.11"]
[Round "3"]
[White "Leccia, Thomas"]
[Black "Benamar, Rayan"]
[Result "1-0"]
[WhiteElo "1893"]
[BlackElo "1558"]
[PlyCount "57"]
[EventDate "2020.07.11"]
[EventType "swiss (blitz)"]
[EventRounds "9"]
[EventCountry "FRA"]
[SourceTitle "EXT 2021"]
[Source "ChessBase"]
[SourceDate "2020.10.23"]
[SourceVersion "1"]
[SourceVersionDate "2020.10.23"]
[SourceQuality "1"]

1. e4 e5 2. Nf3 Nc6 3. d4 exd4 4. Bc4 Nf6 5. e5 d5 6. Bb5 Ne4 7. Nxd4 Bd7 8. Bxc6 Bxc6 9. 0-0 Be7 10. f3 Ng5 11. f4 Ne6 12. Nxc6 bxc6 13. f5 Nc5 14. Be3 Ne4 15. Nd2 Bc5 16. Bxc5 Nxc5 17. f6 gxf6 18. Rxf6 Qd7 19. Qf3 Rf8 20. Rf1 Ne6 21. Nb3 Ng5 22. Qf4 Ne4 23. Rf5 Qe6 24. Nd4 Qg6 25. e6 f6 26. Qxc7 Rg8 27. Qxc6+ Ke7 28. Qb7+ Kd6 29. Rxd5# 1-0

[Event "FRA-ch U18/14 Online"]
[Site "Europe Echecs INT"]
[Date "2020.07.11"]
[Round "1"]
[White "Weisman, Nathan"]
[Black "Benamar, Rayan"]
[Result "1-0"]
[WhiteElo "2186"]
[BlackElo "1558"]
[PlyCount "81"]
[EventDate "2020.07.11"]
[EventType "swiss (blitz)"]
[EventRounds "9"]
[EventCountry "FRA"]
[SourceTitle "EXT 2021"]
[Source "ChessBase"]
[SourceDate "2020.10.23"]
[SourceVersion "1"]
[SourceVersionDate "2020.10.23"]
[SourceQuality "1"]

1. e4 e5 2. Nf3 Nc6 3. d4 exd4 4. Nxd4 Nf6 5. Nc3 Bb4 6. Nxc6 Bxc3+ 7. bxc3 bxc6 8. Bd3 d6 9. 0-0 0-0 10. c4 c5 11. Bb2 Re8 12. Re1 Ng4 13. Qf3 Qh4 14. Qg3 Qxg3 15. hxg3 Ba6 16. f4 Bb7 17. Rab1 Rab8 18. Bc3 a6 19. Ba5 Rec8 20. e5 dxe5 21. Bf5 Nh6 22. Bxc8 Rxc8 23. Rxb7 exf4 24. Rxc7 Rf8 25. gxf4 Nf5 26. Rxc5 Nd4 27. Rce5 Nxc2 28. Rd1 Na3 29. c5 Nc4 30. c6 Nxe5 31. fxe5 f6 32. e6 Rc8 33. c7 Kf8 34. Rd8+ Ke7 35. Rxc8 Kxe6 36. Re8+ Kf5 37. c8Q+ Kg6 38. Re7 h5 39. g4 hxg4 40. Qxg4+ Kh7 41. Qxg7# 1-0